Marketingové stratégie kryptomien diplomová práca

Gespeichert in:
Bibliographische Detailangaben
1. Verfasser: Kántor, Adrián
Körperschaft: Obchodná fakulta EU. Katedra marketingu
Weitere Verfasser: Kuchta, Martin, 1990-
Format: Buch
Sprache:Slowakisch
Veröffentlicht: Bratislava 2023
Tags: Tag hinzufügen
Keine Tags, Fügen Sie das erste Tag hinzu!

MARC

LEADER 00000nbm a2200000 4500
001 0293752
005 20240110092705.4
041 0 |a slo 
044 |a SK 
245 1 0 |a Marketingové stratégie kryptomien  |b diplomová práca  |c Adrián Kántor ; školiteľ: Martin Kuchta 
264 1 |a Bratislava  |c 2023 
300 |a 58 s. 
100 1 |a Kántor, Adrián 
700 1 |a Kuchta, Martin, 1990- 
710 2 |a Obchodná fakulta EU. Katedra marketingu